There goes the Middle East /

محفوظ في:

المؤلف الرئيسي: Lilienthal, Alfred M. (مؤلف)

التنسيق: كتاب

اللغة: English

منشور في: New York : Devin-Adair Co., 1957.

الموضوعات:

الوسوم: إضافة وسم

لا توجد وسوم, كن أول من يضع وسما على هذه التسجيلة!

رقم الطلب: DS63 .L5 1957

LEADER 00639nam a2200229I 4500
001 6580
003 OSt
005 20260128081410.0
008 130303s1957 nyua 000 0 eng d
010 |a 57008864 
035 |a ocm00397723 
040 |c ARCE Library 
043 |a aw----- 
050 4 |a DS63 .L5 1957 
100 1 |a Lilienthal, Alfred M.,  |e author  |9 34790 
245 1 0 |a There goes the Middle East /  |c by Alfred M. Lilienthal. 
264 1 |a New York :  |b Devin-Adair Co.,  |c 1957. 
300 |a 300 pages :   |b illustrations ;   |c 21 cm. 
651 0 |a Middle East  |x Politics and government. 
901 |a reviewed 
942 |c BK  |2 lcc 
999 |c 7978  |d 7978